| 000 | 00000nam 2200000za 4500 |
| 001 | 9.834071 |
| 003 | CaOODSP |
| 005 | 20250403105857 |
| 007 | cr ||||||||||| |
| 008 | 170322s19721977onc #os f00| 0 fre d |
| 040 | |aCaOODSP|bfre |
| 041 | |aeng|afre |
| 043 | |an-cn--- |
| 086 | 1 |aCS92-771/1971-PDF |
| 086 | 1 |aCS92-772/1971-PDF |
| 086 | 1 |aCS92-773/1971-PDF |
| 086 | 1 |aCS92-774/1971-PDF |
| 086 | 1 |aCS92-775/1971-PDF |
| 086 | 1 |aCS92-776/1971-PDF |
| 086 | 1 |aCS92-777/1971-PDF |
| 245 | 00|aPopulation |h[ressource électronique]. |
| 246 | 1 |iEn tête du titre:|aRecensement du Canada 1971 |
| 260 | |a[Ottawa] : |bStatistics Canada = Statistique Canada, |c1972-1977. |
| 300 | |a7 v. |
| 490 | 0 |aSpecial bulletin = |aBulletin spécial |
| 500 | |aNombreux tableaux. |
| 500 | |aTitre de la couv. |
| 500 | |aÉdition numérisée de l’imprimé [par Statistique Canada]. |
| 500 | |aBulletin spécial SP-1 à SP-7. |
| 505 | 0 |a92-771 (SP-1). Localités non constituées -- 92-772 (SP-2). Certains groupes d'âge et sexe, divisions et subdivisions de recensement -- 92-773 (SP-3). Certaines langues maternelles, divisions et subdivisions de recensement -- 92-774 (SP-4). Certains groupes ethniques, divisions et subdivisions de recensement -- 92-775 (SP-5). Certaines confessions religieuses, divisions et subdivisions de recensement -- 92-776 (SP-6). Statistiques sur la stabilité et l'instabilité linguistique -- 92-777 (SP-7). Fécondité actuelle des femmes non célibataires (taux des propres enfants). |
| 546 | |aTexte en anglais et en français. |
| 692 | 07|2gccst|aRecensement |
| 692 | 07|2gccst|aPopulation |
| 710 | 2 |aStatistique Canada. |
| 791 | |tPopulation |eeng|w(CaOODSP)9.834062 |
| 856 | 40|qPDF|s8.66 Mo|uhttps://publications.gc.ca/collections/collection_2017/statcan/CS92-771-1971.pdf|zLocalités non constituées |
| 856 | 40|qPDF|s8.41 Mo|uhttps://publications.gc.ca/collections/collection_2017/statcan/CS92-772-1971.pdf|zCertains groupes d'âge et sexe, divisions et subdivisions de recensement |
| 856 | 40|qPDF|s49.67 Mo|uhttps://publications.gc.ca/collections/collection_2017/statcan/CS92-773-1971.pdf|zCertaines langues maternelles, divisions et subdivisions de recensement |
| 856 | 40|qPDF|s6.22 Mo|uhttps://publications.gc.ca/collections/collection_2017/statcan/CS92-774-1971.pdf|zCertains groupes ethniques, divisions et subdivisions de recensement |
| 856 | 40|qPDF|s5.00 Mo|uhttps://publications.gc.ca/collections/collection_2017/statcan/CS92-775-1971.pdf|zCertaines confessions religieuses, divisions et subdivisions de recensement |
| 856 | 40|qPDF|s2.25 Mo|uhttps://publications.gc.ca/collections/collection_2017/statcan/CS92-776-1971.pdf|zStatistiques sur la stabilité et l'instabilité linguistique |
| 856 | 40|qPDF|s9.69 Mo|uhttps://publications.gc.ca/collections/collection_2017/statcan/CS92-777-1971.pdf|zFécondité actuelle des femmes non célibataires (taux des propres enfants) |